THE CENTRAL MOTER VEHICLES RULES ,1989 (Record no. 6540)

MARC details
000 -LEADER
fixed length control field 00370nam a22001577a 4500
005 - DATE AND TIME OF LATEST TRANSACTION
control field 20251106124949.0
008 - FIXED-LENGTH DATA ELEMENTS--GENERAL INFORMATION
fixed length control field 200527b xxu||||| |||| 00| 0 eng d
041 ## - LANGUAGE CODE
Language code of text/sound track or separate title eng
082 ## - DEWEY DECIMAL CLASSIFICATION NUMBER
Classification number 340
100 ## - MAIN ENTRY--AUTHOR NAME
Personal name BARE ACT
245 ## - TITLE STATEMENT
Title THE CENTRAL MOTER VEHICLES RULES ,1989
260 ## - PUBLICATION, DISTRIBUTION, ETC. (IMPRINT)
Place of publication DELHI
Name of publisher PROFESSIONALS BOOKS PUBLISHERS
300 ## - PHYSICAL DESCRIPTION
Number of Pages 519;p
650 ## - SUBJECT ADDED ENTRY--TOPICAL TERM
Topical Term LAW
942 ## - ADDED ENTRY ELEMENTS (KOHA)
Koha item type Books
Holdings
Lost status Damaged status Home library Current library Shelving location Date acquired Source of acquisition Cost, normal purchase price Full call number Accession Number Koha item type
    JRU Library JRU Library SHELF- 66 C 08/06/2020 PURCHESS 410.00 340 23201 Books